000 00374nam a22001577a 4500
003 OSt
008 240323b |||||||| |||| 00| 0 eng d
020 _a9788126938278
082 _a658.3 SOW
100 _aSOUNDARARAJAN,Ramesh
245 _aWinning on HR Analytics
260 _aNew Delhi
_bAtlantic
_c2017
300 _a245
700 _aSINGH,Kuldeep
942 _2ddc
_cREF
999 _c12259
_d12259